I'm Not the Only One - Sam Smith (All Lyrics) - Statistics

General Stats
  • This quiz has been taken 692 times
  • The average score is 209 of 246
Answer Stats
I'm Not the Only One % Correct
I
99%
Chorus | Verse 1 You
99%
you
99%
i'm
98%
not
98%
on
98%
one
98%
the
98%
know
97%
only
97%
a
96%
me
96%
say
95%
But
94%
crazy
93%
don't
93%
and
92%
And
92%
baby
92%
think
92%
when
92%
what
91%
call
90%
done
90%
you've
90%
Verse 2 You've
90%
we
87%
Cause
86%
be
85%
For
84%
for
84%
made
81%
it
75%
better
74%
or
74%
worse
73%
in
71%
can't
70%
my
70%
vow
70%
By
68%
just
67%
let
67%
so
67%
am
66%
down
66%
have
65%
that
64%
believe
63%
hurts
63%
loved
63%
tear
62%
every
61%
is
61%
now
61%
Now
61%
way
61%
enough
60%
why
60%
years
59%
Your
59%
Maybe
58%
been
57%
had
57%
I've
57%
many
56%
here
55%
months
55%
this
54%
still
53%
Denying
52%
fear
52%
need
52%
over
52%
us
51%
would
51%
doubts
50%
heart
50%
realise
50%
deepest
48%
wish
47%
lying
46%
sadly
46%
up
46%
end
45%
tearing
45%
Even
36%
though
36%
proof's
35%
unavailable
31%
unobtainable
31%
knows
30%
mine
30%
Lord
26%
kept
15%
No matching quizzes found
Score Distribution
Percent of People with Each Score
Percentile by Number Answered
Your Score History
You have not taken this quiz